000 00575nam a2200193Ia 4500
005 20260114185644.0
008 008 260114s9999 xx 000 0 eng d
020 _a9781474233125
037 _aEBOOK
040 _aCRL
_beng
_cCRL
041 _aeng
_2eng
084 _qCRL
100 _aAnne C. Vila
_9872755
245 2 _aA Cultural History of the Senses in the Age of Enlightenment
260 _bBloomsbury
_c2014
856 _uhttps://doi.org/10.5040/9781474233125?locatt=label:secondary_bloomsburyCollections
942 _cEBOOK
999 _c1471703
_d1471703